Statistics for Tennis - Novak Djokovic quiz

Click here to take the quiz!

General Stats

  • This quiz has been taken 100 times
    (83 since last reset)
  • The average score is 5 of 10

Answer Stats

HintAnswer% Correct
In 2008, he became the youngest player ever to have reached the semis in all four slams. Which tournament did he reach the semis last ?Australian open
79%
Which Masters 1000 tournaments did he win most times ? (5)Miami, Indian Wells
75%
How many times did he play against Roger Federer in a Grand Slam final ?4 (3 wins, 1 loss)
73%
Which is the only Masters 1000 he hasn't won (despite playing 5 finals)?Cincinnati
73%
He became number 1 in the ATP rankings by beating this playerJo-Wilfred Tsonga
61%
In the same tournament he teamed up with a future Slam winner for the doubles tournament. Who was that player ?Andy Murray
60%
He played the mixed doubles only once in a Grand Slam. Who was his partner ?Ana Ivanovic
49%
His only loss to a player younger than him in a Grand Slam was to ...Kei Nishikori
26%
When did he last lose before the 1/4 finals in a Grand Slam (tournament and year)?Roland Garros 2009
24%
Which two-time slam winner beat him on his first ever grand slam match in 2005?Marat Safin
23%

Score Distribution

Percentile by Number Answered

Percent of People with Each Score

Your Score History

You have not taken this quiz since the last reset